| Tag |
First Indicator |
Second Indicator |
Subfields |
| LEADER |
00000cam a2200000 a 4500 |
| 001 |
in00000025920 |
| 005 |
20151007054523.0 |
| 008 |
861110s1987 nyu b 00100 eng |
| 010 |
|
|
|a 86029962
|
| 020 |
|
|
|a 0877547114 (alk. paper) :
|c $19.95
|
| 035 |
|
|
|a (OCoLC)14905784
|
| 035 |
|
|
|9 AAB5323AM
|
| 040 |
|
|
|a DLC
|c DLC
|d TXA
|d UtOrBLW
|
| 049 |
|
|
|a TXAM
|c [A11494617]
|
| 050 |
0 |
0 |
|a PS3525.I5156
|b Z514 1987
|
| 082 |
0 |
|
|a 812/.52
|2 19
|
| 245 |
0 |
0 |
|a Arthur Miller /
|c edited and with an introduction by Harold Bloom.
|
| 264 |
|
1 |
|a New York :
|b Chelsea House Publishers,
|c 1987.
|
| 300 |
|
|
|a viii, 164 pages ;
|c 25 cm.
|
| 336 |
|
|
|a text
|b txt
|2 rdacontent
|
| 337 |
|
|
|a unmediated
|b n
|2 rdamedia
|
| 338 |
|
|
|a volume
|b nc
|2 rdacarrier
|
| 490 |
1 |
|
|a Modern critical views
|
| 504 |
|
|
|a Bibliography: pages 151-153.
|
| 500 |
|
|
|a Includes index.
|
| 505 |
0 |
|
|a Arthur Miller / Raymond Williams -- Strength and weakness in Arthur Miller / Tom F. Driver -- Death of a salesman / Esther Merle Jackson -- Clinton W. Trowbridge -- The action and its significance / Orm Overland -- The drama of forgiveness / Dennis Welland -- The perspective of a playwright / Leonard Moss -- A view from the bridge and the expansion of vision / Neil Carson -- Drama from a living center / C.W.E. Bigsby -- History and other spectres in Arthur Miller's The crucible / E. Miller Budick.
|
| 600 |
1 |
0 |
|a Miller, Arthur,
|d 1915-2005
|x Criticism and interpretation.
|
| 700 |
1 |
|
|a Bloom, Harold.
|
| 830 |
|
0 |
|a Modern critical views.
|
| 999 |
|
|
|a MARS
|
| 999 |
f |
f |
|s f648c334-665c-33b9-9345-fa70d1c5c522
|i 30dc6429-8735-3dbe-a71a-ac35152582ac
|t 0
|
| 952 |
f |
f |
|p ric
|a Texas A&M University
|b Rellis Campus
|c Joint Library Facility
|d Remote Storage
|t 0
|e PS3525.I5156 Z514 1987
|h Library of Congress classification
|i unmediated -- volume
|m A14811494617
|
| 998 |
f |
f |
|a PS3525.I5156 Z514 1987
|t 0
|l Remote Storage
|